| 000 | 01125cab a22002055a 4500 | ||
|---|---|---|---|
| 001 | L156137 | ||
| 008 | 120501e2012 xxk 000 0 eng d | ||
| 035 | _a(Sirsi) u156137 | ||
| 041 | 0 | _aeng | |
| 100 | 1 | _aStewart, Sarah | |
| 245 | 0 | 0 |
_aMarkets _bWest Midlands |
| 260 | _c2012 | ||
| 490 | 0 |
_aProperty Week _v78(17) 27 April 2012, 51- 62(6) |
|
| 520 | _aBirmingham's property community feels excluded from voting in the referendum for the city's directly elected mayor. Birmingham's 1m sq ft Paradise Circus office development to be downsized following review. DTZ Investment Management purchases first phase of Caxtongate and Temple Street, Birmingham, mixed-use asset for £6.34. Hines starts makeover of 5 Brindleyplace, Birmingham with rental aspirations of £26 sq ft. Sanctuary Group is to begin work on an £8m Extra Care assisted living residential scheme at Lawley Village, Telford. Trebor Developments plans to redevelop the Grand Hotel on Colmore Row, Birmingham. | ||
| 590 | _aKA | ||
| 651 | 4 | _aWest Midlands | |
| 690 |
_aCommercial property _96227 |
||
| 690 |
_aResidential property _96266 |
||
| 942 | _n0 | ||
| 999 |
_c83955 _d83955 |
||